000
00268nam a2200097Ia 4500
005
20251222114405.0
008
251222s1900||||xx |||||||||||||| ||spa||
082
_a
DVD0093/A83/2009
245
0
_a
Mejores viviendas. Mejores ciudades:Better homes. Better cities
942
_c
DVD
999
_c
1790
_d
1790